| 000 | 01314cam a2200217 4500 | ||
|---|---|---|---|
| 001 | WB4011-15 | ||
| 008 | 040316n2004 000 0 eng u | ||
| 035 | _a(Sirsi) u125425 | ||
| 245 | _aHouse prices sustained by falling supply of property | ||
| 260 | _c2004 | ||
| 490 |
_aRICS News Service _v(pr025) 15 March 2004 |
||
| 520 | _aThe latest "RICS housing market survey England and Wales" for the three months to February 2004 shows house prices continuing to rise across the UK, particularly in Wales and northern England. Surveyors remain confident that prices will continue to rise over the next three months. Stocks of unsold property on surveyors' books are now close to the survey's all time low in June 2002. The ratio of completed sales to unsold stock, at 55% for February, is at its highest level since December 2002. The survey is available at http://www.rics.org/ricscms/bin/show?class=MarketS urvey&template=/includes/showmarketsurvey.html&id= 83&faculty=RICS. http://www.rics.org/ricscms/bin/show?class=PressRe lease&template=/includes/showpr.html&id=1142&facul ty=RICS | ||
| 590 | _aWB | ||
| 590 | _aWB | ||
| 650 | _aRICS SURVEYS | ||
| 650 | _aRICS HOUSING MARKET SURVEY ENGLAND AND WALES | ||
| 650 | _aHOUSE PRICES | ||
| 650 |
_aSales _96269 |
||
| 690 | _aHOUSING-MARKET | ||
| 942 | _n0 | ||
| 999 |
_c117104 _d117104 |
||